Procedings of the symposium on drives servos and control (dsc) 19 feb 1992 (Record no. 574900)
[ view plain ]
| 000 -LEADER | |
|---|---|
| fixed length control field | 00437nam a22001577a 4500 |
| 003 - CONTROL NUMBER IDENTIFIER | |
| control field | CEME |
| 005 - DATE AND TIME OF LATEST TRANSACTION | |
| control field | 20210628203728.0 |
| 008 - FIXED-LENGTH DATA ELEMENTS--GENERAL INFORMATION | |
| fixed length control field | 210317b xxu||||| |||| 00| 0 eng d |
| 040 ## - CATALOGING SOURCE | |
| Transcribing agency | . |
| 082 ## - DEWEY DECIMAL CLASSIFICATION NUMBER | |
| Classification number | 621.3 PRO'N |
| 100 ## - MAIN ENTRY--PERSONAL NAME | |
| Personal name | Nagrial, M. H. Dr |
| 9 (RLIN) | 67045 |
| 245 ## - TITLE STATEMENT | |
| Title | Procedings of the symposium on drives servos and control (dsc) 19 feb 1992 |
| 260 ## - PUBLICATION, DISTRIBUTION, ETC. | |
| Place of publication, distribution, etc. | NEPEAN |
| Name of publisher, distributor, etc. | UIVERSITY OF WESTERN SYDANY |
| Date of publication, distribution, etc. | 1992 |
| 300 ## - PHYSICAL DESCRIPTION | |
| Extent | 9.5P |
| 942 ## - ADDED ENTRY ELEMENTS (KOHA) | |
| Koha item type | Book |
| Source of classification or shelving scheme | |
| Withdrawn status | Lost status | Damaged status | Not for loan | Permanent Location | Current Location | Shelving location | Date acquired | Total Checkouts | Full call number | Barcode | Date last seen | Price effective from | Koha item type |
|---|---|---|---|---|---|---|---|---|---|---|---|---|---|
| College of Electrical & Mechanical Engineering (CEME) | College of Electrical & Mechanical Engineering (CEME) | General Stacks | 07/31/2017 | 621.3 PRO'N | CEME-27322 | 06/28/2021 | 06/28/2021 | Book |
